Dostavba prieluky, Radlinského ulica, Bratislava

Salvato in:
Dettagli Bibliografici
Autore principale: Arnold, Adam (Autore)
Altri autori: Vodrážka, Peter (Relatore della tesi)
Natura: Manoscritto Libro
Lingua:slovacco
Pubblicazione: Bratislava 2022
Soggetti:
Accesso online:http://is.stuba.sk/zp/portal_zp.pl?podrobnosti=152734
Tags: Aggiungi Tag
Nessun Tag, puoi essere il primo ad aggiungerne!!

MARC

LEADER 00000ntm a22000003a 4500
001 stuzp89611
003 SK-STU
005 20221024131525.3
007 ta
008 150427s2015----xo-----f-mn---000-0-slo-d
040 |a STU  |b slo 
041 0 |a slo 
100 1 |a Arnold, Adam  |u 053130  |4 aut  |U FAD Fakulta architektúry a dizajnu  |T FAD Ústav dejín a teórie architektúry a obnovy pamiatok  |X 99342  |U A3130  |Y 394  |7 99342 
242 0 1 |a Gap building, Radlinského street, Bratislava  |y eng 
245 1 0 |a Dostavba prieluky, Radlinského ulica, Bratislava 
260 |c 2022  |a Bratislava 
650 4 |a Pohyb  |2 slo 
650 4 |a Voľný čas  |2 slo 
650 4 |a Komunita  |2 slo 
650 4 |a movement  |2 eng 
650 4 |a free time  |2 eng 
650 4 |a community  |2 eng 
700 1 |a Vodrážka, Peter  |u 053130  |k Z1  |4 ths  |U FAD Fakulta architektúry a dizajnu  |T FAD Ústav dejín a teórie architektúry a obnovy pamiatok  |X 459  |U A3130  |Y 394  |7 A000000459 
856 4 |u http://is.stuba.sk/zp/portal_zp.pl?podrobnosti=152734  |u https://opac.crzp.sk/?fn=detailBiblioForm&sid=62A48EA6D8C294D55BC6B4542714